| 000 | 00870nam a2200229Ia 4500 | ||
|---|---|---|---|
| 003 | GCL | ||
| 008 | 140319s9999 xx 000 0 ara d | ||
| 020 | _a0107829953 | ||
| 040 |
_aGCL / _cGCL |
||
| 082 | 0 | 4 |
_a341.2323 _bب ع |
| 100 | 1 | _aباسيل يوسف بجك | |
| 245 | 1 | 0 |
_aالعراق وتطبيقات الامم المتحدة للقانون الدولى ( 1990 - 2005 ) : _bدراسة توثيقية وتحليلية / _cباسيل يوسف بجك |
| 250 | _aالاولى | ||
| 260 |
_aبيروت : _bمركز دراسات الوحدة العربية ، _c2005 |
||
| 300 |
_a662 ص ؛ _c26 سم |
||
| 650 | 0 | 4 | _aالسياسة الدولية |
| 650 | 0 | 4 | _aحقوق الانسان |
| 650 | 0 | 4 | _aمجلس الامن |
| 650 | 0 | 4 | _aالامم المتحدة - قرارات |
| 650 | 0 | 4 | _aالعراق - العلاقات الخارجية |
| 942 |
_2ddc _cBK |
||
| 999 |
_c9156 _d9156 |
||